[Event "ENCI Limburg-open C"]
[Site "Maastricht"]
[Date "2011.06.13"]
[Round "6"]
[White "Bratuszewski, Jorden"]
[Black "Mathee, Jochen"]
[Result "1-0"]
[WhiteElo "1198"]
[BlackElo "1650"]
[PlyCount "95"]
[EventDate "2011.06.10"]
[EventType "swiss"]
[EventRounds "7"]
[EventCountry "NED"]
[Source "P.Boonen"]
[SourceDate "2012.01.01"]

1. d4 Nf6 2. Nf3 d5 3. Bf4 Nh5 4. Bg3 Nxg3 5. hxg3 e6 6. e3 Nc6 7. c4 Bb4+ 8.
Nbd2 dxc4 9. Bxc4 Bd7 10. a3 Bxd2+ 11. Qxd2 Qe7 12. Qc2 h6 13. O-O O-O 14. Qe4
Na5 15. Bd3 f5 16. Qe5 Nc6 17. Qc5 Qxc5 18. dxc5 Rad8 19. b4 Ne7 20. Bc4 Kh8
21. Rfd1 c6 22. Rd6 Nd5 23. Ne5 Bc8 24. Rxd8 Rxd8 25. Nf7+ Kg8 26. Nxd8 Kf8 27.
Bxd5 exd5 28. Nxb7 Bxb7 29. a4 a6 30. Rb1 Bc8 31. b5 axb5 32. axb5 cxb5 33.
Rxb5 Bd7 34. Rb7 Ke8 35. Rb8+ Ke7 36. Kf1 g6 37. Ke2 Bc6 38. Kd3 d4 39. exd4
Bxg2 40. Kc4 Bf1+ 41. Kd5 Bg2+ 42. Ke5 h5 43. d5 f4 44. Rb7+ Kd8 45. Rg7 fxg3
46. fxg3 Bf3 47. Rxg6 Bg4 48. Rxg4 1-0

[Event "ENCI Limburg-open C"]
[Site "Maastricht"]
[Date "2011.06.13"]
[Round "6"]
[White "De Coninck, Erik"]
[Black "Memeti, Memet"]
[Result "0-1"]
[WhiteElo "1154"]
[BlackElo "1464"]
[PlyCount "48"]
[EventDate "2011.06.10"]
[EventType "swiss"]
[EventRounds "7"]
[EventCountry "NED"]
[Source "P.Boonen"]
[SourceDate "2012.01.01"]

1. d4 g6 2. Bf4 Bg7 3. e3 d6 4. Nf3 Nd7 5. Nbd2 Ngf6 6. Bd3 c6 7. c3 O-O 8. O-O
Re8 9. Bg3 e5 10. e4 exd4 11. cxd4 Nf8 12. Qc2 Qd7 13. Rfe1 Nh5 14. e5 Nxg3 15.
hxg3 dxe5 16. dxe5 Ne6 17. Nb3 Qc7 18. Qc3 b6 19. Be4 Bb7 20. Nbd4 Nxd4 21.
Nxd4 Bxe5 22. Bxc6 Bxd4 23. Qxd4 Qxc6 24. Red1 Qxg2# 0-1

[Event "ENCI Limburg-open C"]
[Site "Maastricht"]
[Date "2011.06.13"]
[Round "6"]
[White "De Schepper, Marcel"]
[Black "Hendrikse, Arnoud"]
[Result "0-1"]
[WhiteElo "1617"]
[BlackElo "1707"]
[PlyCount "71"]
[EventDate "2011.06.10"]
[EventType "swiss"]
[EventRounds "7"]
[EventCountry "NED"]
[Source "P.Boonen"]
[SourceDate "2012.01.01"]

1. d4 d5 2. c4 e6 3. Nc3 c5 4. cxd5 cxd4 5. Qa4+ Bd7 6. Qxd4 exd5 7. e3 Nc6 8.
Qd1 Bc5 9. Nf3 Nf6 10. Be2 Qe7 11. O-O O-O-O 12. Nxd5 Nxd5 13. Qxd5 Be6 14. Qg5
f6 15. Qf4 g5 16. Qa4 h5 17. b3 h4 18. Bb2 Bd7 19. Qc4 Rdg8 20. Bxf6 Qxf6 21.
Qxc5 g4 22. Nd4 Rg5 23. Qc3 Qf8 24. Bb5 Rc5 25. Qd3 Kb8 26. Bxc6 Rxc6 27. Nxc6+
Bxc6 28. Rfd1 Qf7 29. Qd6+ Kc8 30. Rac1 h3 31. Rd4 Qf8 32. Qxf8+ Rxf8 33. Rxg4
Kd7 34. Rd1+ Ke6 35. Rg3 Kf5 36. Rd2 {Time?} 0-1

[Event "ENCI Limburg-open C"]
[Site "Maastricht"]
[Date "2011.06.13"]
[Round "6"]
[White "Dijkstra, Hidde"]
[Black "Van Ginneken, Jos"]
[Result "1-0"]
[WhiteElo "1505"]
[BlackElo "1565"]
[PlyCount "143"]
[EventDate "2011.06.10"]
[EventType "swiss"]
[EventRounds "7"]
[EventCountry "NED"]
[Source "P.Boonen"]
[SourceDate "2012.01.01"]

1. d4 f5 2. e4 fxe4 3. Nc3 Nf6 4. f3 exf3 5. Nxf3 e6 6. Bd3 Be7 7. Bf4 d6 8.
Qd2 O-O 9. O-O-O Qe8 10. Rdg1 Nc6 11. g4 e5 12. dxe5 Nxg4 13. Rg3 Qh5 14. Rhg1
Ncxe5 15. Bxe5 dxe5 16. h3 Rxf3 17. Bc4+ Rf7 18. Bxf7+ Qxf7 19. hxg4 h6 20. Kb1
Bg5 21. Qg2 c6 22. Rf3 Qe7 23. Rgf1 Be6 24. R3f2 Bc4 25. Rd1 Be6 26. Qe4 Re8
27. Ne2 Bd5 28. Qf5 Be6 29. Qe4 Bd5 30. Qf5 e4 31. Nc3 e3 32. Nxd5 cxd5 33.
Qxd5+ Kh8 34. Rf7 Qe6 35. Rf8+ Kh7 36. Rxe8 Qxe8 37. Rh1 e2 38. Re1 Bh4 39.
Qd3+ Kh8 40. Rxe2 Qf7 41. a3 Bf6 42. Qb5 Kh7 43. Re8 Qg6 44. Qf5 Qxf5 45. gxf5
h5 46. Rb8 Kh6 47. Rxb7 Kg5 48. c4 h4 49. c5 h3 50. Rb8 Be5 51. Rh8 h2 52. Kc2
Kg4 53. Kd3 Kxf5 54. b4 g5 55. Rf8+ Ke6 56. Rf1 g4 57. Ke3 g3 58. Kf3 Kd7 59.
Kg2 Kc6 60. a4 a6 61. Re1 Bc3 62. Re6+ Kc7 63. b5 axb5 64. axb5 Bd4 65. c6 Kc8
66. Re7 Bc5 67. Rg7 Bf2 68. Kh1 Kb8 69. b6 Bxb6 70. Rb7+ Kc8 71. Rxb6 Kc7 72.
Rb3 1-0

[Event "ENCI Limburg-open C"]
[Site "Maastricht"]
[Date "2011.06.13"]
[Round "6"]
[White "Elisen, Peter"]
[Black "Thingstad, Tormod"]
[Result "1-0"]
[WhiteElo "1500"]
[BlackElo "997"]
[PlyCount "65"]
[EventDate "2011.06.10"]
[EventType "swiss"]
[EventRounds "7"]
[EventCountry "NED"]
[Source "P.Boonen"]
[SourceDate "2012.01.01"]

1. e4 e5 2. Nc3 Nf6 3. Bc4 Bc5 4. Nf3 d6 5. O-O O-O 6. d4 exd4 7. Nxd4 Bg4 8.
f3 Bh5 9. Qd3 Nc6 10. Be3 Ne5 11. Qe2 Nxc4 12. Qxc4 Re8 13. Rae1 a6 14. b4 Ba7
15. b5 Bxd4 16. Bxd4 a5 17. Bxf6 gxf6 18. Nd5 Rc8 19. Qc3 Kg7 20. g4 Bg6 21. g5
Kf8 22. Nxf6 Re5 23. f4 Rc5 24. Qb2 c6 25. Nxh7+ Bxh7 26. Qh8+ Ke7 27. Qxh7
Rxc2 28. e5 Qb6+ 29. Kh1 d5 30. Qxc2 Rh8 31. g6 Qxb5 32. gxf7 Kxf7 33. Qf5+ 1-0

[Event "ENCI Limburg-open C"]
[Site "Maastricht"]
[Date "2011.06.13"]
[Round "6"]
[White "Feltman, Bart"]
[Black "Klokgieters, Dick"]
[Result "1-0"]
[WhiteElo "1607"]
[BlackElo "1522"]
[PlyCount "99"]
[EventDate "2011.06.10"]
[EventType "swiss"]
[EventRounds "7"]
[EventCountry "NED"]
[Source "P.Boonen"]
[SourceDate "2012.01.01"]

1. e4 e5 2. Nf3 Nc6 3. Bc4 Bc5 4. c3 Nf6 5. d4 exd4 6. cxd4 Bb4+ 7. Bd2 Bxd2+
8. Nbxd2 d6 9. Ng5 O-O 10. Ndf3 Bg4 11. Nxf7 Rxf7 12. Bxf7+ Kxf7 13. Qb3+ Kf8
14. Ng5 Qe7 15. Qxb7 Re8 16. Qxc6 Nxe4 17. Qxe4 Qxe4+ 18. Nxe4 Rxe4+ 19. Kd2
Rxd4+ 20. Ke3 c5 21. f3 Be6 22. Rhd1 Rxd1 23. Rxd1 Ke7 24. b3 a5 25. Kd3 Kd7
26. Kc3 g6 27. g4 d5 28. a3 Kc6 29. b4 axb4+ 30. axb4 c4 31. Ra1 Kd6 32. h3 Bd7
33. Kd4 Bc6 34. f4 h6 35. Re1 Bd7 36. Re5 Be6 37. b5 Bg8 38. f5 gxf5 39. gxf5
Bf7 40. b6 c3 41. Kxc3 Kxe5 42. b7 Kxf5 43. Kd4 h5 44. b8=Q Kf6 45. Qe5+ Kg6
46. h4 Kh7 47. Qg5 Kh8 48. Ke5 d4 49. Kf6 Bg6 50. Qh6+ 1-0

[Event "ENCI Limburg-open C"]
[Site "Maastricht"]
[Date "2011.06.13"]
[Round "6"]
[White "Geene, Joris"]
[Black "Giesen, Janneke"]
[Result "1-0"]
[WhiteElo "1583"]
[BlackElo "1268"]
[PlyCount "92"]
[EventDate "2011.06.10"]
[EventType "swiss"]
[EventRounds "7"]
[EventCountry "NED"]
[Source "P.Boonen"]
[SourceDate "2012.01.01"]

1. e4 e5 2. Nf3 Nc6 3. d4 exd4 4. Bc4 Nf6 5. e5 Ne4 6. O-O Bc5 7. Qd3 d5 8. Bb5
O-O 9. Bxc6 bxc6 10. Nxd4 Bd7 11. Nc3 Ng5 12. Be3 Bb6 13. Rfe1 Ne6 14. Nxe6
Bxe6 15. Bxb6 axb6 16. f4 Qd7 17. Rf1 Bf5 18. Qe2 d4 19. Ne4 Qd5 20. Ng3 d3 21.
cxd3 Bxd3 22. Qg4 f5 23. Qg5 Bxf1 24. Rxf1 h6 25. Qg6 Qf7 26. Qxc6 Rfe8 27. a3
Rad8 28. Re1 Re6 29. Qc2 g6 30. Ne2 Qd7 31. Rc1 c5 32. Qb3 Qd5 33. Qxd5 Rxd5
34. Nc3 Rd4 35. g3 g5 36. Nb5 Rd2 37. b4 gxf4 38. Nd6 fxg3 39. Nxf5 gxh2+ 40.
Kh1 h5 41. bxc5 Rxe5 42. c6 Rd8 43. c7 Rc8 44. Nd6 Rxc7 45. Rxc7 Rc5 46. Rxc5
bxc5 1-0

[Event "ENCI Limburg-open C"]
[Site "Maastricht"]
[Date "2011.06.13"]
[Round "6"]
[White "Geene, Patrick"]
[Black "De Ridder, Gertie"]
[Result "1-0"]
[WhiteElo "1531"]
[BlackElo "1020"]
[PlyCount "67"]
[EventDate "2011.06.10"]
[EventType "swiss"]
[EventRounds "7"]
[EventCountry "NED"]
[Source "P.Boonen"]
[SourceDate "2012.01.01"]

1. e4 e5 2. Nf3 Nc6 3. Bc4 Nf6 4. d3 Bc5 5. Nc3 d6 6. Bg5 O-O 7. Nd5 Be6 8.
Nxf6+ gxf6 9. Bh6 Re8 10. Bb3 d5 11. Nd2 Kh8 12. exd5 Bxd5 13. Bxd5 Qxd5 14.
Ne4 f5 15. Nxc5 Qxg2 16. Rf1 e4 17. Kd2 Nd4 18. Be3 Nf3+ 19. Kc1 Rad8 20. Nb3
Rd6 21. d4 Red8 22. c3 Qxh2 23. Nd2 Qg2 24. Nxf3 exf3 25. Rg1 Qh3 26. Rg3 Qh5
27. Qxf3 Qxf3 28. Rxf3 Rg6 29. Kd2 h5 30. Rxf5 h4 31. Rh5+ Kg7 32. Rxh4 Rh8 33.
Rah1 Rxh4 34. Rxh4 1-0

[Event "ENCI Limburg-open C"]
[Site "Maastricht"]
[Date "2011.06.13"]
[Round "6"]
[White "Godding, Mick"]
[Black "Smet, Louis"]
[Result "1-0"]
[WhiteElo "1544"]
[BlackElo "900"]
[PlyCount "39"]
[EventDate "2011.06.10"]
[EventType "swiss"]
[EventRounds "7"]
[EventCountry "NED"]
[Source "P.Boonen"]
[SourceDate "2012.01.01"]

1. e4 c5 2. Nf3 Nf6 3. Nc3 g6 4. d4 cxd4 5. Nxd4 Bg7 6. Be3 O-O 7. e5 Nh5 8. g4
Nf6 9. exf6 Bxf6 10. h4 Bg7 11. h5 Qc7 12. hxg6 fxg6 13. Qd3 d6 14. O-O-O Bxg4
15. Be2 Bd7 16. Nd5 Qd8 17. Rdg1 e5 18. Rxh7 Kxh7 19. Qxg6+ Kg8 20. Qxg7# 1-0

[Event "ENCI Limburg-open C"]
[Site "Maastricht"]
[Date "2011.06.13"]
[Round "6"]
[White "Gundogmus, Alaetin"]
[Black "Barbaric, Marco"]
[Result "1-0"]
[WhiteElo "1552"]
[BlackElo "1406"]
[PlyCount "137"]
[EventDate "2011.06.10"]
[EventType "swiss"]
[EventRounds "7"]
[EventCountry "NED"]
[Source "P.Boonen"]
[SourceDate "2012.01.01"]

1. d4 d5 2. c4 e5 3. cxd5 Qxd5 4. e3 Nc6 5. Nf3 Bg4 6. Be2 e4 7. Nc3 Bb4 8. Nd2
Bxc3 9. Bxg4 Bb4 10. O-O Nf6 11. Be2 O-O 12. a3 Bd6 13. Nb1 Ne7 14. Nc3 Qg5 15.
g3 Nf5 16. f4 Qg6 17. Kh1 Rad8 18. b4 Qh6 19. Rg1 Rfe8 20. Bd2 Qg6 21. g4 Ne7
22. g5 Nfd5 23. Bh5 Nxc3 24. Bxc3 Qe6 25. Bg4 Qg6 26. d5 h6 27. gxh6 Qxh6 28.
Qe2 Nxd5 29. Bd4 b6 30. Bf5 g6 31. Qg2 Kh7 32. Bxe4 Nxf4 33. Qa2 Kg8 34. exf4
Rxe4 35. Be5 Bxe5 36. fxe5 Rxe5 37. Raf1 Rd7 38. Rf6 Qd2 39. Rgxg6+ Kf8 40.
Rxf7+ Rxf7 41. Qxd2 Ke7 42. h4 Ref5 43. Qe3+ Kf8 44. Qh6+ Ke8 45. Rg8+ Kd7 46.
Qd2+ Kc6 47. Rg6+ Kb7 48. Rg1 Rf4 49. Qd5+ Ka6 50. Qd3+ Kb7 51. Qg3 Rf3 52. Qg2
Ka6 53. Qe2+ Kb7 54. Qe4+ Ka6 55. Kh2 Rf2+ 56. Rg2 R2f4 57. Qe2+ Kb7 58. h5
R7f6 59. b5 R6f5 60. Kg1 Rh4 61. Rg4 Rhxh5 62. Qe4+ Rd5 63. Rg6 a6 64. a4 axb5
65. axb5 Ka7 66. Qa4+ Kb7 67. Qa6+ Kb8 68. Rg8+ Rd8 69. Rxd8# 1-0

[Event "ENCI Limburg-open C"]
[Site "Maastricht"]
[Date "2011.06.13"]
[Round "6"]
[White "Heuts, Guido"]
[Black "Van Meegen, Judith"]
[Result "0-1"]
[WhiteElo "1397"]
[BlackElo "1484"]
[PlyCount "52"]
[EventDate "2011.06.10"]
[EventType "swiss"]
[EventRounds "7"]
[EventCountry "NED"]
[Source "P.Boonen"]
[SourceDate "2012.01.01"]

1. Nc3 e5 2. e4 Nf6 3. Nf3 Nc6 4. Bc4 Nxe4 5. Nxe4 d5 6. Bd3 dxe4 7. Bxe4 Bd6
8. c3 O-O 9. O-O Bg4 10. h3 Bh5 11. g4 Bg6 12. Bxg6 fxg6 13. d3 Qf6 14. Nd2 Qh4
15. Ne4 Qxh3 16. Be3 Rf3 17. Ng3 Rxg3+ 18. fxg3 Qxg3+ 19. Kh1 Qh3+ 20. Kg1
Qxe3+ 21. Kg2 e4 22. Rh1 Qg3+ 23. Kf1 Rf8+ 24. Ke2 Rf2+ 25. Ke1 Rg2+ 26. Kf1
Qf2# 0-1

[Event "ENCI Limburg-open C"]
[Site "Maastricht"]
[Date "2011.06.13"]
[Round "6"]
[White "Hodzic, Hajrudin"]
[Black "De Vries, Robert"]
[Result "0-1"]
[WhiteElo "1678"]
[BlackElo "1536"]
[PlyCount "132"]
[EventDate "2011.06.10"]
[EventType "swiss"]
[EventRounds "7"]
[EventCountry "NED"]
[Source "P.Boonen"]
[SourceDate "2012.01.01"]

1. d4 d5 2. Nf3 Bf5 3. e3 c6 4. Be2 Nf6 5. O-O e6 6. b3 Bd6 7. Ne5 Nbd7 8. f4
Ne4 9. Bf3 h6 10. Bxe4 Bxe4 11. Nd2 Bh7 12. Nxd7 Qxd7 13. Nf3 O-O 14. a4 Qc7
15. c3 f6 16. Ba3 Bxa3 17. Rxa3 Qd6 18. Ra2 c5 19. g3 Rac8 20. Qd2 Be4 21. Raa1
Rc7 22. Kf2 Rfc8 23. Rfc1 Rf8 24. Ng1 cxd4 25. cxd4 Rfc8 26. Rxc7 Qxc7 27. Ra2
Qc3 28. Qxc3 Rxc3 29. Rb2 Rc2+ 30. Rxc2 Bxc2 31. a5 Bxb3 32. Ne2 b6 33. axb6
axb6 34. Nc3 Bc4 35. e4 b5 36. exd5 exd5 37. Ke3 Kf7 38. Nd1 Ke6 39. g4 g5 40.
f5+ Kd6 41. Kd2 b4 42. Nf2 Bf1 43. Nh1 Kc6 44. Ng3 Bh3 45. Nh5 Bxg4 46. Nxf6
Bxf5 47. Ng8 Be4 48. Nxh6 Kb5 49. Nf7 g4 50. Ne5 Bf5 51. Nf7 Ka4 52. Nd6 Bg6
53. Nc8 Ka3 54. Nd6 Ka2 55. Nb5 b3 56. Nc3+ Ka1 57. Nxd5 b2 58. Nc3 b1=Q 59.
Nxb1 Kxb1 60. d5 Kb2 61. d6 Bf5 62. Ke3 Kc3 63. Kf4 Bd7 64. Ke3 Kc4 65. Ke4 Kc5
66. Ke5 Kc6 0-1

[Event "ENCI Limburg-open C"]
[Site "Maastricht"]
[Date "2011.06.13"]
[Round "6"]
[White "Ingelaere, Arthur"]
[Black "Gulikers, Ruud"]
[Result "1-0"]
[WhiteElo "1342"]
[BlackElo "1631"]
[PlyCount "71"]
[EventDate "2011.06.10"]
[EventType "swiss"]
[EventRounds "7"]
[EventCountry "NED"]
[Source "P.Boonen"]
[SourceDate "2012.01.01"]

1. e4 c5 2. Nf3 g6 3. d4 cxd4 4. Nxd4 Bg7 5. Be3 Nc6 6. Nc3 Nf6 7. Bc4 Qa5 8.
O-O d6 9. a3 Ng4 10. Nxc6 bxc6 11. Bd2 Qc7 12. h3 Ne5 13. Ba2 O-O 14. Qc1 Bd7
15. Bh6 Be6 16. Bxe6 fxe6 17. Bxg7 Kxg7 18. b3 Rf7 19. Ne2 Raf8 20. Qe3 c5 21.
f4 Nd7 22. Rf3 d5 23. e5 d4 24. Qd3 Nb6 25. Raf1 Nd5 26. g4 Ne3 27. R1f2 g5 28.
c3 gxf4 29. cxd4 cxd4 30. Qxd4 Rd8 31. Qe4 Rdf8 32. Nxf4 Qc1+ 33. Kh2 Rxf4 34.
Rxf4 Rxf4 35. Qxf4 Qc3 36. Qg5+ 1-0

[Event "ENCI Limburg-open C"]
[Site "Maastricht"]
[Date "2011.06.13"]
[Round "6"]
[White "Klokgieters, Jeroen"]
[Black "Preuter, Carlos"]
[Result "0-1"]
[WhiteElo "1150"]
[BlackElo "1676"]
[PlyCount "48"]
[EventDate "2011.06.10"]
[EventType "swiss"]
[EventRounds "7"]
[EventCountry "NED"]
[Source "P.Boonen"]
[SourceDate "2012.01.01"]

1. e4 d5 2. exd5 Qxd5 3. Nc3 Qe6+ 4. Be2 Qg6 5. g3 Na6 6. a3 Bf5 7. d3 e5 8.
Be3 Bc5 9. Qd2 Ne7 10. O-O-O O-O-O 11. h3 h5 12. b4 Bd4 13. f4 Qc6 14. Bxd4
exd4 15. Na2 Rhe8 16. Bxh5 Qe6 17. Kb2 Nd5 18. Qe2 Ne3 19. Re1 Qh6 20. Bxf7
Nc4+ 21. dxc4 Rxe2 22. Rxe2 d3 23. cxd3 Qf6+ 24. Re5 Qxf7 0-1

[Event "ENCI Limburg-open C"]
[Site "Maastricht"]
[Date "2011.06.13"]
[Round "6"]
[White "Knof, Henrike"]
[Black "Van der Werff, Silvia"]
[Result "0-1"]
[WhiteElo "1488"]
[BlackElo "1416"]
[PlyCount "94"]
[EventDate "2011.06.10"]
[EventType "swiss"]
[EventRounds "7"]
[EventCountry "NED"]
[Source "P.Boonen"]
[SourceDate "2012.01.01"]

1. e4 d5 2. exd5 Qxd5 3. Nc3 Qa5 4. d4 Nf6 5. Bc4 Bg4 6. f3 Bf5 7. Bd2 c6 8. g4
Bg6 9. h4 h6 10. Bb3 Nbd7 11. Qe2 e6 12. O-O-O Qc7 13. f4 O-O-O 14. h5 Bh7 15.
Nh3 g6 16. hxg6 Bxg6 17. Nf2 Bg7 18. Rh3 Nb6 19. Nb5 Qd7 20. Nxa7+ Kb8 21. f5
exf5 22. Bf4+ Kxa7 23. Qd2 Ka6 24. Be6 Qe7 25. Qe2+ Ka7 26. Ra3+ Qxa3 27. bxa3
fxe6 28. Qd2 Ka6 29. Nd3 Ne4 30. Nb4+ Ka7 31. Qe1 Rxd4 32. Rxd4 Bxd4 33. Nd5 e5
34. Qa5+ Kb8 35. Nxb6 exf4 36. gxf5 f3 37. fxg6 f2 38. Nd7+ Kc8 39. Qf5 Ng3 40.
Nb6+ Kb8 41. Qf4+ Ka7 42. Qxd4 f1=Q+ 43. Kb2 Qb5+ 44. Ka1 Re8 45. Nd7+ c5 46.
Qd2 Ne4 47. Qd5 Nc3 0-1

[Event "ENCI Limburg-open C"]
[Site "Maastricht"]
[Date "2011.06.13"]
[Round "6"]
[White "Krug, Franz Dieter"]
[Black "Buis, Jan"]
[Result "1/2-1/2"]
[WhiteElo "1411"]
[BlackElo "1509"]
[PlyCount "106"]
[EventDate "2011.06.10"]
[EventType "swiss"]
[EventRounds "7"]
[EventCountry "NED"]
[Source "P.Boonen"]
[SourceDate "2012.01.01"]

1. d4 Nf6 2. c4 c5 3. d5 d6 4. Nc3 g6 5. h3 Bg7 6. Bf4 O-O 7. e3 Na6 8. a3 Nc7
9. Bd3 Bd7 10. Nf3 a6 11. O-O b5 12. Rc1 bxc4 13. Bxc4 Bb5 14. b3 Bxc4 15. bxc4
Rb8 16. Qc2 Nh5 17. Bh2 Bxc3 18. Qxc3 Ne8 19. Rb1 Nef6 20. Qc2 Qc7 21. e4 Nd7
22. Rfe1 Rxb1 23. Rxb1 Rb8 24. Re1 f6 25. g4 Ng7 26. g5 Ne5 27. Nxe5 fxe5 28.
f4 exf4 29. Bxf4 Nh5 30. Bh2 Qd7 31. Qc3 Rf8 32. Qe3 Ng7 33. Rf1 Rxf1+ 34. Kxf1
a5 35. Kg2 a4 36. Qf3 Qc8 37. Bf4 Qd7 38. Kh2 Qc8 39. Bc1 Qf8 40. Qe2 Qf7 41.
Kg2 Qf8 42. Qc2 Qe8 43. Bb2 Nh5 44. Qc3 Kf7 45. Qf3+ Kg8 46. Qg4 Qf7 47. Kg1
Qf4 48. Qe6+ Qf7 49. Qd7 Ng3 50. Kg2 Qf1+ 51. Kxg3 Qe1+ 52. Kf4 Qf2+ 53. Kg4
Qg2+ 1/2-1/2

[Event "ENCI Limburg-open C"]
[Site "Maastricht"]
[Date "2011.06.13"]
[Round "6"]
[White "Lennartz, Ludwig"]
[Black "Daemen, Jules"]
[Result "0-1"]
[WhiteElo "1626"]
[BlackElo "1629"]
[PlyCount "54"]
[EventDate "2011.06.10"]
[EventType "swiss"]
[EventRounds "7"]
[EventCountry "NED"]
[Source "P.Boonen"]
[SourceDate "2012.01.01"]

1. e4 d5 2. exd5 Nf6 3. d4 Nxd5 4. c4 Nb6 5. Nc3 Bf5 6. Nf3 Nc6 7. a3 e6 8. Bf4
Be7 9. Be2 O-O 10. O-O a6 11. Rc1 Bf6 12. Qb3 Qe7 13. c5 Nd5 14. Nxd5 exd5 15.
Rfe1 Qd7 16. Ne5 Nxd4 17. Nxd7 Nxb3 18. Nxf6+ gxf6 19. Rc3 Nd4 20. Bh5 Nc6 21.
Bh6 Rfe8 22. Rg3+ Bg6 23. f4 Nd4 24. Bxg6 Rxe1+ 25. Kf2 Re2+ 26. Kf1 fxg6 27.
Rd3 Re4 0-1

[Event "ENCI Limburg-open C"]
[Site "Maastricht"]
[Date "2011.06.13"]
[Round "6"]
[White "Maessen, Roy"]
[Black "Wagemakers, Rick"]
[Result "1-0"]
[WhiteElo "1648"]
[BlackElo "1606"]
[PlyCount "46"]
[EventDate "2011.06.10"]
[EventType "swiss"]
[EventRounds "7"]
[EventCountry "NED"]
[Source "P.Boonen"]
[SourceDate "2012.01.01"]

1. d4 Nf6 2. Nf3 d5 3. e3 c5 4. b3 cxd4 5. exd4 g6 6. Be2 Bg7 7. Bb2 O-O 8. O-O
Nc6 9. Nbd2 b6 10. c4 e6 11. Rc1 Bb7 12. Ne5 Rc8 13. cxd5 Nxd5 14. Nxc6 Bxc6
15. Nc4 Bh6 16. Ba3 Qg5 17. Bf3 Rfe8 18. Ne5 Bb7 19. Rc4 Ba6 20. Rxc8 Rxc8 21.
Re1 Nf4 22. Ng4 Nd3 23. Be2 Qa5 1-0

[Event "ENCI Limburg-open C"]
[Site "Maastricht"]
[Date "2011.06.13"]
[Round "6"]
[White "Mossin, Ivar Alexander"]
[Black "Beukema, Jasper"]
[Result "1-0"]
[WhiteElo "1175"]
[BlackElo "1580"]
[PlyCount "99"]
[EventDate "2011.06.10"]
[EventType "swiss"]
[EventRounds "7"]
[EventCountry "NED"]
[Source "P.Boonen"]
[SourceDate "2012.01.01"]

1. e4 d5 2. exd5 Nf6 3. d4 Nxd5 4. c4 Nf6 5. Nf3 Bg4 6. Be2 e6 7. O-O Be7 8. b3
O-O 9. Bb2 Nc6 10. Qd3 Bxf3 11. Bxf3 Ne5 12. Qe2 Nxf3+ 13. Qxf3 c6 14. Rd1 Qc7
15. Na3 Rfd8 16. Nc2 Bd6 17. h3 Be7 18. Rd3 b5 19. Ne3 b4 20. Rad1 a5 21. Ng4
Nxg4 22. Qxg4 Bf6 23. Bc1 c5 24. d5 exd5 25. Rxd5 Rxd5 26. Rxd5 Bd4 27. Bf4 Qe7
28. Kf1 Re8 29. Qd1 Qf6 30. Bg3 h6 31. f3 Qe6 32. Bf2 Bxf2 33. Kxf2 Qe3+ 34.
Kf1 Kh7 35. Qd3+ Qxd3+ 36. Rxd3 Re5 37. Rd7 Kg6 38. Ra7 Re3 39. Rxa5 Rc3 40.
Rxc5 Rc1+ 41. Kf2 Rc2+ 42. Kg3 Rxa2 43. Rb5 f5 44. Rxb4 f4+ 45. Kxf4 Rxg2 46.
c5 Kh5 47. c6 g5+ 48. Ke3 Rc2 49. Rc4 Rb2 50. Rc3 1-0

[Event "ENCI Limburg-open C"]
[Site "Maastricht"]
[Date "2011.06.13"]
[Round "6"]
[White "Nissel, Andreas"]
[Black "Brookes, Jean Paul"]
[Result "1-0"]
[WhiteElo "1668"]
[BlackElo "1586"]
[PlyCount "39"]
[EventDate "2011.06.10"]
[EventType "swiss"]
[EventRounds "7"]
[EventCountry "NED"]
[Source "P.Boonen"]
[SourceDate "2012.01.01"]

1. d4 e6 2. e4 d5 3. Nd2 Nf6 4. e5 Nfd7 5. Bd3 c5 6. c3 Nc6 7. Ne2 Qb6 8. Nf3
Be7 9. O-O f6 10. Nf4 fxe5 11. dxe5 O-O 12. Nxe6 Rxf3 13. gxf3 Ndxe5 14. Nf4 c4
15. Nxd5 Qd8 16. Be4 Bh3 17. Re1 Bh4 18. Bf4 Kh8 19. Bg3 Qg5 20. f4 1-0

[Event "ENCI Limburg-open C"]
[Site "Maastricht"]
[Date "2011.06.13"]
[Round "6"]
[White "Overtoom, Reinier"]
[Black "Snoeks, Pieter Jan"]
[Result "1-0"]
[WhiteElo "1668"]
[BlackElo "1530"]
[PlyCount "53"]
[EventDate "2011.06.10"]
[EventType "swiss"]
[EventRounds "7"]
[EventCountry "NED"]
[Source "P.Boonen"]
[SourceDate "2012.01.01"]

1. c4 Nf6 2. g3 g6 3. Bg2 Bg7 4. Nc3 O-O 5. Nf3 d6 6. O-O c5 7. d3 Nc6 8. Bd2
Bd7 9. Qc1 Qc8 10. Re1 Bh3 11. Bh1 h5 12. e4 Nh7 13. Nd5 f5 14. e5 dxe5 15.
Nxe5 Bxe5 16. Rxe5 e6 17. Bc3 g5 18. Qe3 Re8 19. Nf6+ Nxf6 20. Qxg5+ Kf7 21.
Rxf5 Ke7 22. Bxf6+ Kd7 23. Rxc5 Rg8 24. Qxh5 Qf8 25. Bxc6+ bxc6 26. Qxh3 Qxc5
27. Qh7+ 1-0

[Event "ENCI Limburg-open C"]
[Site "Maastricht"]
[Date "2011.06.13"]
[Round "6"]
[White "Roemhild, Wolfgang"]
[Black "Van Velthoven, Paul"]
[Result "1-0"]
[WhiteElo "1696"]
[BlackElo "1524"]
[PlyCount "97"]
[EventDate "2011.06.10"]
[EventType "swiss"]
[EventRounds "7"]
[EventCountry "NED"]
[Source "P.Boonen"]
[SourceDate "2012.01.01"]

1. e4 e5 2. d4 exd4 3. f4 Nf6 4. Bd3 Bb4+ 5. Nd2 d5 6. e5 Ne4 7. Ngf3 Bxd2+ 8.
Bxd2 c5 9. O-O O-O 10. Re1 Bf5 11. Ng5 Nc6 12. Nxe4 dxe4 13. Bxe4 Bxe4 14. Rxe4
Qd5 15. Qf3 Rad8 16. a3 d3 17. c4 Qd7 18. Rd1 a6 19. Bc3 b5 20. f5 a5 21. Rh4
g6 22. Rxh7 Kxh7 23. Qh3+ Kg8 24. e6 fxe6 25. Qh8+ Kf7 26. fxe6+ Qxe6 27. Qg7+
Ke8 28. Re1 Qxe1+ 29. Bxe1 d2 30. Qxg6+ Kd7 31. Bxd2 b4 32. g3 Nd4 33. Kg2 Rde8
34. Bf4 Ne6 35. Qd3+ Nd4 36. Qd1 Kd8 37. axb4 axb4 38. Qa4 Re2+ 39. Kf1 Rfe8
40. Qa5+ Kd7 41. Qc7+ Ke6 42. Qxc5 Re4 43. Qd5+ Kf6 44. Qg5+ Kf7 45. Qh5+ Kf6
46. Qh6+ Kf7 47. Qh7+ Kf6 48. h4 Ne6 49. Qxe4 1-0

[Event "ENCI Limburg-open C"]
[Site "Maastricht"]
[Date "2011.06.13"]
[Round "6"]
[White "Schleicher, Floris"]
[Black "De Lange, Gerard"]
[Result "1/2-1/2"]
[WhiteElo "1596"]
[BlackElo "1599"]
[PlyCount "81"]
[EventDate "2011.06.10"]
[EventType "swiss"]
[EventRounds "7"]
[EventCountry "NED"]
[Source "P.Boonen"]
[SourceDate "2012.01.01"]

1. e4 c5 2. Nf3 Nc6 3. Bb5 a6 4. Bxc6 bxc6 5. O-O d5 6. e5 g6 7. Re1 Bg7 8. d4
cxd4 9. Qxd4 e6 10. Bg5 Qa5 11. Bd2 Qc7 12. Bb4 Nh6 13. Bd6 Qd7 14. g4 Qxd6 15.
exd6 Bxd4 16. Nxd4 c5 17. Nb3 c4 18. Nc5 Nxg4 19. Nc3 Nf6 20. N3a4 Rb8 21. b3
cxb3 22. cxb3 O-O 23. Rac1 Rd8 24. Rc2 Rxd6 25. Rec1 e5 26. Nc3 Bf5 27. Rd2 Rb4
28. Ne2 d4 29. Ng3 Bh3 30. Re1 Ng4 31. Nce4 Re6 32. Ng5 Re8 33. Nxh3 f5 34. Ne2
Nf6 35. f3 h6 36. Nf2 Rbb8 37. Rc2 Rbd8 38. Nc1 e4 39. fxe4 fxe4 40. Kf1 d3 41.
Ncxd3 1/2-1/2

[Event "ENCI Limburg-open C"]
[Site "Maastricht"]
[Date "2011.06.13"]
[Round "6"]
[White "Schlepuetz, Volker"]
[Black "Johnson, Mark1"]
[Result "1-0"]
[WhiteElo "1396"]
[BlackElo "1138"]
[PlyCount "83"]
[EventDate "2011.06.10"]
[EventType "swiss"]
[EventRounds "7"]
[EventCountry "NED"]
[Source "P.Boonen"]
[SourceDate "2012.01.01"]

1. d4 d5 2. g3 c6 3. Bg2 Nf6 4. Nf3 e6 5. O-O Be7 6. Nbd2 O-O 7. c4 b6 8. Qc2
dxc4 9. Nxc4 b5 10. Nce5 Bb7 11. Ng5 Qd6 12. Rd1 h6 13. Nh3 Rc8 14. Bf4 Qd8 15.
Rac1 Qe8 16. e4 Nbd7 17. Qd2 Bf8 18. Nxd7 Qxd7 19. e5 Nd5 20. Be4 Nxf4 21. Nxf4
Rd8 22. a3 a5 23. Qc2 Rac8 24. Qd2 Ra8 25. Qe2 Rac8 26. Nh5 Qe7 27. h4 Rd7 28.
Qg4 Kh8 29. Bb1 Rcd8 30. Qe4 g6 31. Nf6 c5 32. Qc2 Rxd4 33. Rxd4 Rxd4 34. h5
Bg7 35. hxg6 fxg6 36. Qxg6 Bxf6 37. Qxh6+ Kg8 38. exf6 Qd7 39. Qg5+ Kf8 40.
Qxc5+ Kf7 41. Qe7+ Kg8 42. f7+ 1-0